| 000 | 01472nam a2200349Ia 4500 | ||
|---|---|---|---|
| 001 | 9780203076293 | ||
| 003 | BD-DhSAU | ||
| 005 | 20151012151719.0 | ||
| 006 | a|||||s||||||||||| | ||
| 007 | cr|||| | ||
| 008 | 130109r20131982enkabd sb 001 0 eng d | ||
| 020 | _a9780203076293 (e-book : PDF) | ||
| 040 |
_aBD-DhSAU _cBD-DhSAU |
||
| 090 |
_aHD2755.5 _b.G46 2013 |
||
| 092 |
_a338.88 _bG345 |
||
| 245 | 0 | 4 |
_aThe geography of multinationals _h[electronic resource] : _bstudies in the spatial development and economic consequences of multinational corporations / _cedited by Michael Taylor and Nigel Thrift. |
| 260 |
_aAbingdon, Oxon : _bRoutledge, _c2013. |
||
| 300 |
_a338 p. : _bill., maps. |
||
| 490 | 0 |
_aRoutledge library editions. International business ; _vv. 37 |
|
| 500 | _aFirst published in 1982 by Croom Helm. | ||
| 504 | _aIncludes bibliographical references and indexes. | ||
| 505 | 0 | _apt. 1. The spatial development sequences of multinational corporations -- pt. 2. The geographical ramifications of multinational corporations. | |
| 530 | _aAlso available in print edition. | ||
| 538 | _aMode of access: World Wide Web. | ||
| 650 | 0 | _aInternational business enterprises. | |
| 650 | 0 | _aIndustrial location. | |
| 655 | 7 |
_aElectronic books. _2lcsh |
|
| 700 | 1 |
_aTaylor, Michael, _d1946 Feb. 28- |
|
| 700 | 1 | _aThrift, N. J. | |
| 776 | 1 |
_z9780415658041 _z9780415630092 (set) |
|
| 856 | 4 | 0 | _uhttp://www.tandfebooks.com/isbn/9780203076293 |
| 999 |
_c12568 _d12567 |
||